Biomecánica del aparato locomotor aplicada al acondicionamiento muscular
Збережено в:
| Автори: | , , |
|---|---|
| Формат: | Книга |
| Мова: | Іспанська |
| Опубліковано: |
Barcelona
Elsevier España
2003
|
| Редагування: | 4a. ed |
| Предмети: | |
| Теги: |
Додати тег
Немає тегів, Будьте першим, хто поставить тег для цього запису!
|
MARC
| LEADER | 00000cam a2200000 a 4500 | ||
|---|---|---|---|
| 001 | UCF1990 | ||
| 003 | CL-VaPUC | ||
| 008 | 120802e20030000SP |||||||||||||||||spa|d | ||
| 020 | |a 9788481746457 | ||
| 082 | 0 | 4 | |a 612.76 |b FUC |2 21 |
| 100 | 0 | |a Fucci, Sergio |e author |9 563570 | |
| 700 | 0 | |a Benigni, Mario |e author |9 563571 | |
| 700 | 0 | |a Fornasari, Vittorio |e author |9 563572 | |
| 245 | 1 | 0 | |a Biomecánica del aparato locomotor aplicada al acondicionamiento muscular |
| 250 | |a 4a. ed | ||
| 300 | |a 163 p | ||
| 942 | |c BK | ||
| 945 | |d 20120802 00:00:00 |a dcastane | ||
| 260 | |a Barcelona |b Elsevier España |c 2003 | ||
| 650 | 0 | |a Biomecánica |9 307420 | |
| 650 | 7 | |a SISTEMA LOCOMOTOR |2 CL-VaPUC |9 520139 | |
| 650 | 0 | |a Articulaciones |9 324125 | |
| 650 | 7 | |a SISTEMA MUSCULO ESQUELETO |2 CL-VaPUC |9 482354 | |
| 650 | 7 | |a ERGONOMIA |2 CL-VaPUC |9 357101 | |
| 583 | |a last modification |c 20120802 10:35:00 |k Rodrigo Vera | ||
| 999 | |c 348673 |d 348671 | ||
| 952 | |0 0 |1 0 |4 0 |6 612_760000000000000_FUC_2003 |7 0 |8 X |9 450805 |a BIBEDU |b BIBEDU |d 2019-11-22 |i 4886283 |l 1 |o 612.76 FUC 2003 |p 4886283 |r 2024-09-12 |s 2024-08-29 |w 2019-11-22 |y BK_X |k EFI | ||
| 952 | |0 0 |1 0 |4 0 |6 612_760000000000000_FUC_2003 |7 0 |8 X |9 450806 |a BIBEDU |b BIBEDU |d 2019-11-22 |i 4886291 |o 612.76 FUC 2003 |p 4886291 |r 2023-01-13 |w 2019-11-22 |y BK_X |k EFI | ||